Schnelle Mathematik - Zahlen Level 18 - Statistiken

Allgemein
  • Dieses Quiz wurde 272 mal gespielt
  • Das Durchschnittsergebnis liegt bei 21 aus 60
Antwortstatistiken
Zahl Zahl % Korrekt
2 2
43%
2 2
42%
5 5
41%
0 0
40%
1 1
40%
2 2
40%
3 3
40%
8 8
40%
2 2
39%
4 4
39%
6 6
39%
8 8
39%
0 0
38%
0 0
38%
2 2
38%
3 3
38%
3 3
37%
4 4
37%
4 4
37%
4 4
37%
7 7
37%
7 7
37%
9 9
37%
5 5
36%
8 8
36%
9 9
36%
1 1
35%
2 2
35%
6 6
35%
7 7
35%
9 9
35%
9 9
35%
0 0
34%
1 1
34%
3 3
34%
6 6
34%
8 8
34%
5 5
33%
1 1
32%
3 3
32%
4 4
32%
5 5
32%
7 7
32%
9 9
32%
9 9
32%
7 7
31%
0 0
30%
0 0
30%
5 5
30%
6 6
30%
7 7
30%
8 8
30%
1 1
29%
3 3
29%
8 8
29%
1 1
28%
5 5
28%
6 6
28%
6 6
28%
4 4
27%
Keine übereinstimmenden Quizze gefunden
Verteilung der Resultate
Anzahl Personen mit jedem Resultat
Perzentil nach korrekt beantworteten Fragen
Ihre Resultats-Entwicklung
Sie haben dieses Quiz noch nicht gespielt